000 00576nam a22001817a 4500
003 BD-DhJNU
005 20250319041419.0
008 250319b |||||||| |||| 00| 0 eng d
040 _aBD-DhJNU
_bENG
_cBD-DhJNU
_dBD-DhJNU
082 _223
_a137.8
100 _aCattell, Raymond B.
245 _aPersonality and motivation structure and measurement /
_cRaymond B. Cattell
260 _aNew York :
_bWorld Book Company,
_c1957.
300 _axxiv, 948 p. :
_bill. ;
_c23 cm.
504 _aincludes bibliographical reference and index
650 _aPsychology
942 _2ddc
_cBK
_n0
999 _c1509
_d1509